000 00371 a2200157 4500
001 149946
040 _cEscola São Tomás de Aquino
100 _aJUNQUEIRA, Sonia
240 1 0 _aO negrinho do pastoreio
_lpor
245 1 0 _aO negrinho do pastoreio
300 _a24
362 0 _a2014
440 1 _aAtual
697 _aFolclore / Adivinhações / Lendas
942 _cBK
999 _c149946
_d149946